Úlohy v čase voľna a pre celú rodinu

Bibliographic Details
Main Author: Sondej Hosťovecká, Martina (Author)
Format: Article
Language:Slovak
PhysicalDescription:Fotografie
ISSN:1338-0338
Subjects:
Online Access:www.dobraskola.com

MARC

LEADER 00000nab a2200000 4500
001 vtls011756005
003 SK-MaSNL
005 20260303210752.0
008 180514|2018 xo |||| || ||00 0|slo
015 |a SNBRB2018/05 
040 |a SPKCL  |b slo  |e rda 
041 |a slo 
044 |a xo  |c SK 
072 7 |a 37.09  |x Organizácia výučby a vzdelávania  |2 konspekt 
080 |a 37.091.322  |2 2011 
100 1 |a Sondej Hosťovecká, Martina  |4 aut  |9 1088429 
245 1 0 |a Úlohy v čase voľna a pre celú rodinu  |c Martina Sondej Hosťovecká 
300 |b Fotografie 
336 |a text  |b txt  |2 rdacontent 
337 |a bez média  |b n  |2 rdamedia 
338 |a zväzok  |b nc  |2 rdacarrier 
650 0 7 |a domáca príprava žiakov a študentov  |2 SNKPH  |9 78029 
650 0 7 |a domáce úlohy  |2 SNKPH  |9 50066 
650 0 7 |a projekty  |2 SNKPH  |9 18866 
650 0 7 |a voľný čas  |2 SNKPH  |9 3355 
773 0 |t Dobrá škola  |g Roč. IX, č. 7 (2018), s. 13  |x 1338-0338 
856 4 1 |u www.dobraskola.com 
999 |c 2201569  |d 2203499